Amplitide analysis of highly ionizing particle signals registered with silicon radiation detector (Запись № 3514215)

Подробности
000 -МАРКЕР
контрольное поле 01850nam0a2200337 4500
001 - ИДЕНТИФИКАТОР ЗАПИСИ
контрольное поле RU\NLR\b_ik\164852
005 - ИДЕНТИФИКАТОР ВЕРСИИ
контрольное поле 20260410171656.0
035 ## - ДРУГИЕ СИСТЕМНЫЕ НОМЕРА
Идентификатор записи (NLR Aleph) 002237657
100 ## - ДАННЫЕ ОБЩЕЙ ОБРАБОТКИ
Данные общей обработки 20071217d2007 u y0rusy50 ca
101 0# - ЯЗЫК РЕСУРСА
Язык текста, звукозаписи и т.д. английский
Язык резюме русский
102 ## - СТРАНА ПУБЛИКАЦИИ ИЛИ ПРОИЗВОДСТВА
Страна публикации российская федерация
105 ## - ПОЛЕ КОДИРОВАННЫХ ДАННЫХ: ТЕКСТОВЫЕ МАТЕРИАЛЫ, МОНОГРАФИЧЕСКИЕ
Кодированные данные о монографическом текстовом документе a |||||||||
200 1# - ЗАГЛАВИЕ И СВЕДЕНИЯ ОБ ОТВЕТСТВЕННОСТИ
Основное заглавие Amplitide analysis of highly ionizing particle signals registered with silicon radiation detector
Сведения, относящиеся к заглавию some remarks to anomalies
Первые сведения об ответственности Yu.S. Tsyganov
210 ## - ПУБЛИКАЦИЯ, РАСПРОСТРАНЕНИЕ И ДР.
Место издания, распространения и т.д. Дубна
Имя издателя, распространителя и т. д. Изд. отд. Объед. ин-та ядер. исслед.
Дата издания, распространения и т.д. 2007
215 ## - ФИЗИЧЕСКАЯ ХАРАКТЕРИСТИКА
Специфическое обозначение материала и объем 7, [1] с.
Другие сведения о физической характеристике граф.
Размеры 22
225 1# - СЕРИЯ
Основное заглавие серии Сообщения Объединенного инcтитута ядерных исследований, Дубна
Обозначение тома Е13-2007-70
300 ## - ОБЩИЕ ПРИМЕЧАНИЯ
Текст примечания На 3-й с. обл..: Амплитудный анализ сильноионизирующих частиц, регистрируемых кремниевым детектором : некоторые ремарки к аномалиям / Цыганов Ю.С.
300 ## - ОБЩИЕ ПРИМЕЧАНИЯ
Текст примечания Рез. на рус. яз.
320 ## - ПРИМЕЧАНИЯ О НАЛИЧИИ В ДОКУМЕНТЕ БИБЛИОГРАФИИ / УКАЗАТЕЛЯ
Текст примечания Библиогр. в конце кн. (24 назв.)
517 0# - ДРУГИЕ ВАРИАНТЫ ЗАГЛАВИЯ
Вариант заглавия Амплитудный анализ сильноионизирующих частиц, регистрируемых кремниевым детектором
Сведения, относящиеся к заглавию некоторые ремарки к аномалиям
606 1# - НАИМЕНОВАНИЕ ТЕМЫ КАК ПРЕДМЕТ
Наименование темы Детекторы ядерного излучения кремниевые
Код системы nlr-sh2
Идентификатор авторитетной/нормативной записи RU\NLR\AUTH\66348357
606 1# - НАИМЕНОВАНИЕ ТЕМЫ КАК ПРЕДМЕТ
Наименование темы Ядерные реакции с тяжелыми ионами
Код системы nlr-sh2
Идентификатор авторитетной/нормативной записи RU\NLR\AUTH\661482487
686 1# - ИНДЕКСЫ ДРУГИХ КЛАССИФИКАЦИЙ
Индекс В383.56
686 1# - ИНДЕКСЫ ДРУГИХ КЛАССИФИКАЦИЙ
Индекс В381.582
700 #1 - ИМЯ ЛИЦА - ПЕРВИЧНАЯ ОТВЕТСТВЕННОСТЬ
Начальный элемент ввода Cyganov
Часть имени, кроме начального элемента ввода J. S.
Даты 1956-
Расширение инициалов личного имени Jurij Sergeevič
Идентификатор авторитетной/нормативной записи RU\NLR\AUTH\770292165
Код отношения Автор
801 #0 - ИСТОЧНИК ЗАПИСИ
Страна российская федерация
Организация NLR
Дата составления 20071217
Правила каталогизации RCR
942 ## - ДОПОЛНИТЕЛЬНЫЕ ЭЛЕМЕНТЫ ЗАПИСИ (АБИС)
Тип экземпляра АБИС Книга
980 ## - КОЛЛЕКЦИЯ
Название коллекции Национальная библиография
Экземпляры
Тип экземпляра Дата поступления Источник поступления Библиотека постоянного хранения Библиотека текущего хранения Место хранения Шифр хранения Штрих-код Статус не для выдачи Публичное примечание
Книга 17.12.2007 Обязательный экземпляр РНБ (Московский) РНБ (Московский) Иностранный книжный фонд Ик 2007-6/69 1072618   ;